Countries unrecognized by atleast 1 member of the United Nations - Statistics

General Stats
  • This quiz has been taken 1,251 times
  • The average score is 5 of 8
Answer Stats
Answer % Correct
Taiwan
85%
Israel
76%
Kosovo
76%
North Korea
73%
South Korea
68%
China
65%
Cyprus
45%
Armenia
44%
No matching quizzes found
Score Distribution
Percent of People with Each Score
Percentile by Number Answered
Your Score History
You have not taken this quiz